Zwycięzcy Turnieju Czterech Skoczni A-Z - Statystyki

Ogólne statystyki
  • Ten quiz został rozwiązany 341 razy
  • Średni wynik to 9 z 21
Statystyki odpowiedzi
Litera Skoczkowie % Poprawnych
S Hemmo Silvennoinen | Rainer Schmidt | Gregor Schlierenzauer | Kamil Stoch
98%
M Ingolf Mork | Adam Małysz | Thomas Morgenstern
93%
K Nikołaj Kamienski | Eino Kirjonen | Veikko Kankkonen | Pentti Kokkonen | Andreas Kofler | Stefan Kraft | Ryōyū Kobayashi | Dawid Kubacki
92%
A Hans-Georg Aschenbach | Janne Ahonen
78%
P Willi Pürstl | Primož Peterka | Sigurd Pettersen | Peter Prevc | Domen Prevc
67%
G Andreas Goldberger | Halvor Egner Granerud
56%
J Jakub Janda | Anders Jacobsen
55%
H Sven Hannawald
51%
N Hubert Neuper | Matti Nykänen | Toni Nieminen
45%
D Jochen Danneberg | Manfred Deckert | Thomas Diethart
41%
T Dieter Thoma | Daniel Tschofenig
37%
W Bjørn Wirkola | Jens Weißflog | Andreas Widhölzl
35%
L Risto Laakkonen | Wolfgang Loitzl
32%
F Kazuyoshi Funaki
30%
B Josef Bradl | Olaf Bjørn Bjørnstad | Max Bolkart | Torgeir Brandtzæg | Espen Bredesen
22%
R Helmut Recknagel | Jiří Raška
10%
V Ernst Vettori
9%
Q Horst Queck
5%
Y Kari Ylianttila
4%
E Toralf Engan
4%
U Pentti Uotinen
2%
Nie znaleziono quizów pasujących do podanych kryteriów
Rozkład punktacji
Procent ludzi z każdym wynikiem
Percentyl według liczby udzielonych odpowiedzi
Twoja historia wyników
Nie rozwiązałeś tego quizu